The values compass : (Record no. 10124)

MARC details
000 -LEADER
fixed length control field 01538nam a22002537a 4500
001 - CONTROL NUMBER
control field 10124
003 - CONTROL NUMBER IDENTIFIER
control field FISKH
005 - DATE AND TIME OF LATEST TRANSACTION
control field 20260422090307.0
008 - FIXED-LENGTH DATA ELEMENTS--GENERAL INFORMATION
fixed length control field 260422b cb ||||| |||| 00| 0 eng d
020 ## - INTERNATIONAL STANDARD BOOK NUMBER
International Standard Book Number 9781529366136
040 ## - CATALOGING SOURCE
Original cataloging agency FISKH
Language of cataloging eng
Transcribing agency FISKH
Modifying agency FISKH
050 ## - LIBRARY OF CONGRESS CALL NUMBER
Classification number BF778 .R35
082 ## - DEWEY DECIMAL CLASSIFICATION NUMBER
Classification number 179.9
100 ## - MAIN ENTRY--PERSONAL NAME
Personal name Rai, Mandeep,
245 ## - TITLE STATEMENT
Title The values compass :
Remainder of title what 101 countries teach us about purpose, life, and leadership /
Statement of responsibility, etc. Mandeep Rai.
260 ## - PUBLICATION, DISTRIBUTION, ETC.
Place of publication, distribution, etc. New York :
Name of publisher, distributor, etc. Simon & Schuster,
Date of publication, distribution, etc. 2020.
300 ## - PHYSICAL DESCRIPTION
Extent 356 pages :
Other physical details illustrations ;
Dimensions 20 cm
520 ## - SUMMARY, ETC.
Summary, etc. Every day we make decisions based on what we believe in: values that define the ambitions we set, the choices we make, and the relationships we choose. In The Values Compass, Dr. Mandeep Rai shows how the countries of the world epitomize the power of values, provide an ideal guide to help us understand our own, and teach us important lessons about success. From Moroccan compromise to Armenian survival and American entrepreneurship, The Values Compass shows how we can incorporate the values that animate nations into our own lives--seeing ourselves through the eyes of the world, and shedding new light on the opportunities and challenges that define us. The result is an insightful and readable collection that helps us reflect on the values that matter most, last longest, and have the greatest power to create change.
650 ## - SUBJECT ADDED ENTRY--TOPICAL TERM
Source of heading or term Fast
Topical term or geographic name entry element Conduct of life.
650 ## - SUBJECT ADDED ENTRY--TOPICAL TERM
Topical term or geographic name entry element Values.
Form subdivision Fears
650 ## - SUBJECT ADDED ENTRY--TOPICAL TERM
Topical term or geographic name entry element Social values.
942 ## - ADDED ENTRY ELEMENTS (KOHA)
Source of classification or shelving scheme Dewey Decimal Classification
Koha item type Books
Suppress in OPAC No
Holdings
Withdrawn status Lost status Source of classification or shelving scheme Damaged status Not for loan Collection Home library Current library Shelving location Date acquired Total Checkouts Full call number Barcode Date due Date last seen Date last checked out Copy number Price effective from Koha item type
    Dewey Decimal Classification     Non-Fiction Footprints International School Library Network Toul Kork Campus Footprints International School Library Network Toul Kork Campus A TK Campus, 4th Floor, Room B401, Non-Fiction Bookcases(7-8) 04/22/2026 1 RAI 179.9 BF778 .R35 2026-0512 05/12/2026 04/28/2026 04/28/2026 1 04/22/2026 Books
    Dewey Decimal Classification     Non-Fiction Footprints International School Library Network Toul Tom Poung Campus Footprints International School Library Network Toul Tom Poung Campus TTP Secondary Non-Fiction Bookshelves 04/22/2026 1 RAI 179.9 BF778 .R35 2026-0516 05/13/2026 04/29/2026 04/29/2026 2 04/22/2026 Books